| 000 | 00584nam a2200205Ia 4500 | ||
|---|---|---|---|
| 005 | 20250326143037.0 | ||
| 008 | 250326s9999 xx 000 0 und d | ||
| 020 | _a81-85386-16-1 | ||
| 037 | _aTextbook | ||
| 040 |
_aFMSL _beng _cFMSL |
||
| 041 |
_aeng _2eng |
||
| 084 |
_aX:51:f P4 _qFMSL |
||
| 100 |
_aBoyd H W & Others _9743360 |
||
| 245 | 0 |
_aMarketing Research:text and cases _cBoyd H W & Others |
|
| 250 | _aEd 7 | ||
| 260 |
_aNew Delhi _bNew Delhi, Homewood, Richard D. Irwin _c1994 |
||
| 300 | _a817p | ||
| 942 |
_cTB _hX:51:f P4 |
||
| 999 |
_c1297847 _d1297847 |
||